000 00789nam a2200253Ia 4500
003 OSt
005 20221005033327.0
006 a|||||r|||| 00| 0
007 ta
008 221004b |||||||| |||| 00| 0 eng d
020 _a8176465623
_c750
024 _a85779
037 _b084, 29/03/2007, Prachi Book Distributors
_cTextual
040 _aCRL
_cCRL
_beng
041 _2eng
_aeng
082 _aQ4, P6
100 _aNarain A.K. Ed.
245 0 _aStudies in Pali and Buddhism
_b A memorial volume in honor of Bhikkhu Jagdish Kashyap
260 _aDelhi
_bB.R. Publishing Corporation India
_c2006
300 _a422p.
_ccm.
650 _aRELIGION
942 _hQ4, P6
_cTEXL
_2cc
999 _c941353
_d941353